XXIII Seminario Internacional de Presupuesto Público / (Registro nro. 7730)
[ vista simple ]
| 000 -LEADER | |
|---|---|
| fixed length control field | 01208nam a2200241 a 4500 |
| 003 - CONTROL NUMBER IDENTIFIER | |
| control field | OSt |
| 005 - DATE AND TIME OF LATEST TRANSACTION | |
| control field | 20210422172303.0 |
| 008 - FIXED-LENGTH DATA ELEMENTS--GENERAL INFORMATION | |
| fixed length control field | 210310s1996 ag ad gr 100 0 spa d |
| 040 ## - CATALOGING SOURCE | |
| Original cataloging agency | CO-JMCR |
| Transcribing agency | CO-JMCR |
| 041 0# - LANGUAGE CODE | |
| Language code of text/sound track or separate title | spa |
| 082 04 - DEWEY DECIMAL CLASSIFICATION NUMBER | |
| Classification number | 351.711 / |
| Item number | S471s |
| Edition number | 23 |
| 111 2# - MAIN ENTRY--MEETING NAME | |
| Meeting name or jurisdiction name as entry element | Seminario Internacional de Presupuesto Público |
| Number of part/section/meeting | (23a : |
| Date of meeting or treaty signing | 1996 : |
| Location of meeting | Buenos Aires) |
| 9 (RLIN) | 37073 |
| 245 10 - TITLE STATEMENT | |
| Title | XXIII Seminario Internacional de Presupuesto Público / |
| Statement of responsibility, etc. | Asociación Argentina de Presupuesto Publico, Asociación Internacional de Presupuesto Público |
| 260 ## - PUBLICATION, DISTRIBUTION, ETC. | |
| Place of publication, distribution, etc. | Buenos Aires : |
| Name of publisher, distributor, etc. | Asap : Asip, |
| Date of publication, distribution, etc. | 1996 |
| 300 ## - PHYSICAL DESCRIPTION | |
| Extent | [338] páginas : |
| Other physical details | ilustraciones y gráficas a blanco y negro ; |
| Dimensions | 25 cm. |
| 500 ## - GENERAL NOTE | |
| General note | " "Experiencias sobre planeamiento y administración financiera" "Empleo y las Políticas Públicas" "--Tapa |
| 650 14 - SUBJECT ADDED ENTRY--TOPICAL TERM | |
| Topical term or geographic name entry element | Hacienda Pública |
| 9 (RLIN) | 15288 |
| Form subdivision | Congresos, conferencias, etc. |
| Geographic subdivision | Argentina |
| 650 24 - SUBJECT ADDED ENTRY--TOPICAL TERM | |
| Topical term or geographic name entry element | Administración pública |
| Form subdivision | Congresos, conferencias, etc. |
| Geographic subdivision | Argentina |
| 9 (RLIN) | 37074 |
| 650 24 - SUBJECT ADDED ENTRY--TOPICAL TERM | |
| Topical term or geographic name entry element | Presupuesto público |
| Form subdivision | Congresos, conferencias, etc. |
| Geographic subdivision | Argentina |
| 9 (RLIN) | 37075 |
| 710 1# - ADDED ENTRY--CORPORATE NAME | |
| Corporate name or jurisdiction name as entry element | Asociación Argentina de Presupuesto Publico |
| 9 (RLIN) | 37076 |
| 710 1# - ADDED ENTRY--CORPORATE NAME | |
| Corporate name or jurisdiction name as entry element | Asociación Internacional de Presupuesto Público |
| 9 (RLIN) | 37077 |
| 942 ## - ADDED ENTRY ELEMENTS (KOHA) | |
| Source of classification or shelving scheme | Dewey Decimal Classification |
| Koha item type | Books |
| Withdrawn status | Lost status | Source of classification or shelving scheme | Damaged status | Not for loan | Collection code | Home library | Current library | Date acquired | Source of acquisition | Full call number | Barcode | Date last seen | Copy number | Koha item type |
|---|---|---|---|---|---|---|---|---|---|---|---|---|---|---|
| Dewey Decimal Classification | Non-fiction | Biblioteca Pública José María del Castillo y Rada | Biblioteca Pública José María del Castillo y Rada | 04/15/2018 | Donación | 351.711 / S471s | 430004471 | 05/16/2024 | Ej.1 | Books |